Libre Comercio, Democracia y Dependencia /

Salvato in:
Dettagli Bibliografici
Autore principale: Carazo Odio, Rodrigo
Natura: testo
Tags: Aggiungi Tag
Nessun Tag, puoi essere il primo ad aggiungerne!!

MARC

LEADER 00000 a a2200000 04500
001 8236
003
040
100 |a Carazo Odio, Rodrigo  
245 |a Libre Comercio, Democracia y Dependencia /  |c Rodrigo Carazo Odio 
773 |g volumen 6, número 4; páginas 10-11  
999 |c 37508  |d 37508